| 000 | 00622na a2200205 4500 | ||
|---|---|---|---|
| 001 | 17864 | ||
| 003 | MIRAKIL | ||
| 005 | 20181213155030.0 | ||
| 008 | 161107b tu 000 0 | ||
| 040 |
_aMilas _btur _cTR-AnCHP |
||
| 041 | _atur | ||
| 082 |
_a338.6064 _bB27 1993 |
||
| 090 | _a338.6064 B27 1993 | ||
| 245 |
_aBaşkanlar kuruluna sunulan özelleştirme raporu _cTürk-İş |
||
| 260 |
_aAnkara _bTürk-İş _c1993 |
||
| 300 |
_akrşk. (yaklaşık 250 s.) _c29 sm. |
||
| 650 |
_aÖzelleştirme _xRaporlar _zTürkiye |
||
| 710 | _aTürkiye İşveren Sendikaları Konfederasyonu (Türk-İş) | ||
| 942 |
_2ddc _cBKS |
||
| 999 |
_c5188 _d5188 |
||